Slovensko pri implementácii Agendy 2030 a jej cieľov udržateľného rozvoja dizertačná práca

Salvato in:
Dettagli Bibliografici
Autore principale: Sulejmani, Dagmar, 1975-
Ente Autore: Fakulta medzinárodných vzťahov EU. Katedra medzinárodného práva
Altri autori: Brocková, Katarína, 1976-
Natura: Libro
Lingua:slovacco
Pubblicazione: Bratislava 2022
Soggetti:
Tags: Aggiungi Tag
Nessun Tag, puoi essere il primo ad aggiungerne!!

MARC

LEADER 00000nbm a2200000 4500
001 0287429
005 20230302100410.4
041 0 |a slo 
044 |a SK 
245 1 0 |a Slovensko pri implementácii Agendy 2030 a jej cieľov udržateľného rozvoja  |b dizertačná práca  |c Dagmar Sulejmani ; školiteľ: Katarína Brocková 
264 1 |a Bratislava  |c 2022 
300 |a 108 s. 
610 2 0 |a rast hospodársky 
610 2 0 |a rozvoj trvalo udržateľný 
610 2 0 |a implementácia 
610 2 0 |a Slovensko 
100 1 |a Sulejmani, Dagmar, 1975- 
700 1 |a Brocková, Katarína, 1976- 
710 2 |a Fakulta medzinárodných vzťahov EU. Katedra medzinárodného práva